Capitalism reassessed

Saved in:
Bibliographic Details
Main Author: Pryor, Frederic L.
Format: Book
Language:English
Published: New York Cambridge University Press 2010
Subjects:
Tags: Add Tag
No Tags, Be the first to tag this record!

MARC

LEADER 00000nam a2200000 4500
001 0121549
005 20240306135555.4
020 |a 978-0-521-19020-6 
041 0 |a eng 
044 |a US 
245 1 0 |a Capitalism reassessed  |c Frederic L. Pryor 
264 1 |a New York  |b Cambridge University Press  |c 2010 
300 |a 270 s. 
610 2 0 |a systémy ekonomické 
610 2 0 |a kapitalizmus 
610 2 0 |a porovnanie medzinárodné 
610 2 0 |a analýzy 
610 2 0 |a politika hospodárska 
610 2 0 |a politika sociálna 
610 2 0 |a úroveň rozvoja hospodárskeho 
610 2 0 |a kultúra 
610 2 0 |a OECD 
100 1 |a Pryor, Frederic L.